Movies by Actors - Statistics

General Stats
  • This quiz has been taken 55 times
  • The average score is 7 of 15
Answer Stats
Hint Answer % Correct
Meryl Streep, Anne Hathaway, Emily Blunt The Devil Wears Prada
82%
Julia Roberts, Richard Gere, Laura San Giancomo Pretty Woman
70%
Mila Kunis, Justin Timberlake, Emma Stone Friends with Benefits
55%
Renee Zellweger, Colin Firth, Hugh Grant Bridget Jones
52%
Katherine Heigl, Seth Rogen, Leslie Mann Knocked Up
52%
Amanda Bynes, Channing Tatum, Laura Ramsey Shes the Man
52%
Jennifer Garner, Mark Ruffalo, Judy Greer 13 Going on 30
50%
Adam Sandler, Jennifer Aniston, Brooklyn Decker Just Go With It
50%
Sandra Bullock, Ryan Reynolds, Malin Akerman The Proposal
50%
Cameron Diaz, Kate Winslet, Jude Law The Holiday
45%
James Marsden, Patrick Dempsey, Amy Adams Enchanted
32%
Steve Martin, Diane Keaton, Kimberly Williams-Paisley Father of the Bride
32%
Ashton Kutcher, Natalie Portman, Greta Gerwig No Strings Attached
30%
Ryan Phillippe, Reese Witherspoon, Sarah Michael Geller Cruel Intentions
25%
Michael Cera, Mary Elizabeth Winstead, Aubrey Plaza Scott Pilgrim vs The World
23%
No matching quizzes found
Score Distribution
Percent of People with Each Score
Percentile by Number Answered
Your Score History
You have not taken this quiz